Diccionario pedagógico : (Record no. 3863)
[ view plain ]
| 000 -CABECERA | |
|---|---|
| campo de control de longitud fija | 00903nam a2200205 a 4500 |
| 001 - NÚMERO DE CONTROL | |
| campo de control | 000004044 |
| 005 - FECHA Y HORA DE LA ÚLTIMA TRANSACCIÓN | |
| campo de control | 20240307073944.0 |
| 008 - DATOS DE LONGITUD FIJA--INFORMACIÓN GENERAL | |
| campo de control de longitud fija | 090716s2008 dr a r 000 0 spa d |
| 040 ## - FUENTE DE LA CATALOGACIÓN | |
| Centro catalogador/agencia de origen | DO-SdBNP |
| Lengua de catalogación | spa |
| Centro/agencia transcriptor | BNPHU |
| 082 ## - NÚMERO DE LA CLASIFICACIÓN DECIMAL DEWEY | |
| Número de clasificación | R370.3 |
| Número de documento/Ítem | T231d |
| 100 1# - ENTRADA PRINCIPAL--NOMBRE DE PERSONA | |
| Nombre de persona | Tavárez Marzán, Miledys Teresa |
| 9 (RLIN) | 12076 |
| 245 10 - MENCIÓN DE TÍTULO | |
| Título | Diccionario pedagógico : |
| Resto del título | (miles de términos universales y dominicanos, biografías y frases pedagógicas) / |
| Mención de responsabilidad, etc. | Miledys Teresa Tavárez Marzán, Miguel Andrés Gil. |
| 260 ## - PUBLICACIÓN, DISTRIBUCIÓN, ETC. | |
| Lugar de publicación, distribución, etc. | Santo Domingo : |
| Nombre del editor, distribuidor, etc. | Universitaria-UASD, |
| Fecha de publicación, distribución, etc. | 2008. |
| 300 ## - DESCRIPCIÓN FÍSICA | |
| Extensión | 260 p. : |
| Otras características físicas | il. ; |
| Dimensiones | 22cm. |
| 500 ## - NOTA GENERAL | |
| Nota general | Material recomendado para estudiantes de educación, investigadores, maestros, formadores y público en general |
| 650 #4 - PUNTO DE ACCESO ADICIONAL DE MATERIA--TÉRMINO DE MATERIA | |
| Término de materia o nombre geográfico como elemento de entrada | Educación |
| Subdivisión de forma | DICCIONARIOS |
| Subdivisión general | Español |
| 9 (RLIN) | 12077 |
| 650 #4 - PUNTO DE ACCESO ADICIONAL DE MATERIA--TÉRMINO DE MATERIA | |
| Término de materia o nombre geográfico como elemento de entrada | Español |
| Subdivisión general | Diccionarios |
| 9 (RLIN) | 12078 |
| 710 12 - PUNTO DE ACCESO ADICIONAL--NOMBRE DE ENTIDAD CORPORATIVA | |
| Nombre de entidad corporativa o nombre de jurisdicción como elemento de entrada | Universidad Autónoma de Santo Domingo |
| 9 (RLIN) | 72951 |
| 910 ## - DATOS DE OPCIÓN DEL USUARIO (OCLC) | |
| Datos de opción del usuario | Validado. Control de calidad MFF |
| Estado de retiro | Estado de pérdida | No para préstamo | Código de colección | Localización permanente | Ubicación/localización actual | Ubicación en estantería | Fecha de adquisición | Número de inventario | Total de préstamos | Signatura topográfica completa | Código de barras | Fecha visto por última vez | Precio válido a partir de | Tipo de ítem Koha |
|---|---|---|---|---|---|---|---|---|---|---|---|---|---|---|
| Excluido de préstamo | Patrimonio Dominicano | Patrimonio Dominicano | Patrimonio Dominicano | Depósito | 23.03.2010 | LF1 | R370.3 T231d | 4044-10 | 25.06.2020 | 25.06.2020 | Libro y Folleto Colección Patrimonio Dominicano |
